000 00533pab a2200181 454500
008 180718b2008 xxu||||| |||| 00| 0 eng d
100 _aGhosh, Dilip Kumar
245 _aSkill development for the poor: looking through West Bengal's experiences
260 _c2008
300 _ap.887-900.
362 _aOct-Dec
650 _aPoverty - India - West Bengal
650 _aSkills development - India - West Bengal
650 _aSkills development
773 _aIndian Journal of Labour Economics
908 _aN
909 _a80933
999 _c80933
_d80933